Historians in Cairo : essays in honor of George Scanlon /

محفوظ في:

مؤلفون آخرون: Scanlon, George T., Edwards, Jill.

التنسيق: كتاب

اللغة: English

منشور في: Cairo ; New York : American University in Cairo Press, c2002.

الموضوعات:

الوسوم: إضافة وسم

لا توجد وسوم, كن أول من يضع وسما على هذه التسجيلة!

رقم الطلب: DT143 .H57x 2002

LEADER 00822nam a2200265Ia 4500
001 2510
003 OSt
005 20250526063917.0
008 130303s2002 ua a b 000 0 eng d
020 |a 9774247019 
040 |c ARCE Library 
043 |a f-ua--- 
050 4 |a DT143 .H57x 2002 
245 0 0 |a Historians in Cairo :   |b essays in honor of George Scanlon /   |c edited by Jill Edwards. 
264 1 |a Cairo ;  |a New York :  |b American University in Cairo Press,  |c c2002. 
300 |a xviii, 286 pages :  |b illustrations ;  |c 24 cm. 
504 |a Includes bibliographical references. 
650 0 |a Islamic architecture in art. 
651 0 |a Cairo (Egypt)  |x Civilization. 
651 0 |a Cairo (Egypt)  |x History. 
700 1 |a Scanlon, George T. 
700 1 |a Edwards, Jill. 
901 |a reviewed 
942 |c BK  |2 lcc 
999 |c 6273  |d 6273